00655nam a2200169u 450000100100000000500170001000800410002702000150006804000250008308200150010810000380012324501050016126000680026630000210033495201130035599900170046800001901820200929165913.0821213s1972 xxc 000 0 fre  a0776613014 aDO-SdBNPcspadBNPHU axxxbM341h1 aMarion, Séraphin,d1896-94091710aHauts faits du Canada francais :brelevés et commentés par des Anglophones /cSéraphin Marion. aOttawa, Canada :bÉditions de l'Université d'Ottawa,c1972. a206 p. ;c21 cm. 001050718MOaGRbGRcCTd2010-05-21iLF1l0oxxx M341hp19018-10r2020-06-25w2020-06-25y1ZNo se presta c18536d18536